Karaoke fascism (Record no. 87861)
[ view plain ]
| 000 -LEADER | |
|---|---|
| fixed length control field | 01547nam a2200385Ia 4500 |
| 100 1# - MAIN ENTRY--AUTHOR NAME | |
| Personal name | Skidmore, Monique. |
| 245 10 - TITLE STATEMENT | |
| Title | Karaoke fascism |
| 260 ## - PUBLICATION, DISTRIBUTION, ETC. (IMPRINT) | |
| Place of publication | Philadelphia : |
| Name of publisher | University of Pennsylvania Press, |
| Year of publication | c2004. |
| 300 ## - PHYSICAL DESCRIPTION | |
| Number of Pages | xi, 248 p. : |
| Other physical details | ill., 1 map. |
| 490 1# - SERIES STATEMENT | |
| Series statement | Ethnography of political violence |
| 650 #0 - SUBJECT ADDED ENTRY--TOPICAL TERM | |
| Topical Term | Oppression (Psychology) |
| Topical Term | Human rights |
| Topical Term | Subversive activities |
| Topical Term | Government, Resistance to |
| 856 40 - ELECTRONIC LOCATION AND ACCESS | |
| Uniform Resource Identifier | http://site.ebrary.com/lib/rucke/Doc?id=10576109 |
No items available.
